000 00383nam a22001457a 4500
003 MACL
005 20200123160634.0
008 200123b xxu||||| |||| 00| 0 eng d
040 _cMACL
100 _aAhmad, Faraz
_977920
245 _aAssassination of Rajiv Gandhi :An Inside Job ?
260 _aDelhi
_bVitasta Pub
_c2018
650 _aPolitical Science
_977921
942 _2ddc
_cBK
999 _c61868
_d61868